[Event "Championnat de France Open A"]
[Site "CALVI"]
[Date "????.??.??"]
[Round "7.4"]
[White "Tripoz, Alexandre"]
[Black "Hab, Alexis"]
[Result "1-0"]
[WhiteElo "1660"]
[BlackElo "1900"]
[PlyCount "131"]
[EventDate "2005.??.??"]
[SourceDate "2005.04.17"]

1. e4 e6 2. d4 d5 3. exd5 exd5 4. Bd3 Nf6 5. Bf4 Be7 6. Nf3 O-O 7. O-O Bg4 8.
h3 Bh5 9. Nbd2 Nbd7 10. Re1 Re8 11. c3 Bg6 12. Bxg6 hxg6 13. Qb3 Nb6 14. Ne5
Bd6 15. Bh2 c6 16. Ndf3 Qc7 17. Ng5 Re7 18. Qc2 Nbd7 19. f4 Bxe5 20. fxe5 Qd8
21. exf6 Nxf6 22. Re2 Nh5 23. Nf3 Nf6 24. Rae1 Ne4 25. Nd2 f5 26. Bf4 Qe8 27.
Nf3 Re6 28. Ng5 Nxg5 29. Bxg5 Re4 30. Rxe4 fxe4 31. Qb3 Kh8 32. Qxb7 Rb8 33.
Qe7 Qxe7 34. Bxe7 Rxb2 35. a3 Rb3 36. Re3 a6 37. Kf2 Kh7 38. g4 Rb2+ 39. Kg3
Rb7 40. Bd6 g5 41. Re2 Rb3 42. Bb4 a5 43. Bxa5 Rxa3 44. Bb4 Ra1 45. c4 Rb1 46.
Bd2 Rb3+ 47. Kg2 dxc4 48. Rxe4 c3 49. Bxg5 Rb1 50. Re3 Rb2+ 51. Kg3 Rd2 52.
Rxc3 Rxd4 53. Rxc6 Rd5 54. h4 Rd3+ 55. Kf4 Rd4+ 56. Kf5 Rd5+ 57. Ke4 Ra5 58.
Be3 Ra4+ 59. Kf5 g6+ 60. Kg5 Ra5+ 61. Rc5 Ra7 62. Rc6 Ra5+ 63. Kf6 Ra4 64. Rc7+
Kh8 65. Kxg6 Rxg4+ 66. Bg5 1-0

[Event "Championnat de France Open A"]
[Site "CALVI"]
[Date "????.??.??"]
[Round "7.5"]
[White "Nakache, Elie"]
[Black "D'Elia, Anthony"]
[Result "1-0"]
[WhiteElo "1740"]
[BlackElo "1864"]
[PlyCount "102"]
[EventDate "2005.??.??"]
[SourceDate "2005.04.17"]

1. e4 d6 2. d4 Nf6 3. Nc3 c6 4. f4 Qa5 5. Bd3 e5 6. fxe5 dxe5 7. dxe5 Qxe5 8.
Nf3 Qc5 9. Qe2 Bg4 10. Be3 Qh5 11. h3 Bxf3 12. Qxf3 Qxf3 13. gxf3 Bb4 14. O-O-O
Bxc3 15. bxc3 O-O 16. Rhg1 Kh8 17. Bd4 Nbd7 18. e5 Nh5 19. Rg5 Nf4 20. Bf5 Ne2+
21. Kd2 Nxd4 22. cxd4 Nb6 23. Rdg1 g6 24. Bd3 Rad8 25. c3 Nd5 26. R5g3 c5 27.
c4 Nb4 28. d5 Nxd3 29. Kxd3 Rfe8 30. Re1 Kg7 31. f4 Kh8 32. Ke4 f5+ 33. Kd3 Re7
34. Kc2 b6 35. Rd3 Kg7 36. Kb3 Kf8 37. Ka4 Kf7 38. Kb5 Ke8 39. Ree3 Rdd7 40. d6
Re6 41. Kc6 Rd8 42. Ra3 Rd7 43. Ra6 g5 44. fxg5 f4 45. Rf3 Rxe5 46. Rxf4 Rxg5
47. Rf8+ Kxf8 48. Kxd7 Rg8 49. Kc6 Rg7 50. d7 Rg6+ 51. Kc7 Rg7 1-0

[Event "Championnat de France Open A"]
[Site "CALVI"]
[Date "????.??.??"]
[Round "7.6"]
[White "Wojtkowski, Frederic"]
[Black "Feryn, Alexandre"]
[Result "0-1"]
[WhiteElo "1849"]
[BlackElo "1660"]
[PlyCount "68"]
[EventDate "2005.??.??"]
[SourceDate "2005.04.17"]

1. e4 c5 2. Nf3 e6 3. d4 cxd4 4. Nxd4 a6 5. Nc3 Qc7 6. Be2 b5 7. a3 Bb7 8. O-O
Nf6 9. Qd3 Nc6 10. Nxc6 dxc6 11. f4 Bc5+ 12. Kh1 Ba7 13. Qg3 Rg8 14. Be3 Bxe3
15. Qxe3 O-O-O 16. b4 Qe7 17. Rfb1 Qd7 18. Rd1 Qe7 19. Bd3 Ng4 20. Qg3 Nf6 21.
Rdb1 Qc7 22. Rf1 Qe7 23. Qe1 c5 24. bxc5 Qxc5 25. h3 Qh5 26. Qb1 g5 27. fxg5
Qxg5 28. Rf2 Qg3 29. Qf1 Nh5 30. Kg1 Qxh3 31. Ne2 Qh4 32. Rxf7 Rg4 33. Rxh7
Rdg8 34. Rxb7 Rxg2+ 0-1

[Event "Championnat de France Open A"]
[Site "CALVI"]
[Date "????.??.??"]
[Round "7.7"]
[White "Gueguen, Ronan"]
[Black "Bekhouche, Christophe"]
[Result "0-1"]
[WhiteElo "1650"]
[BlackElo "1820"]
[PlyCount "48"]
[EventDate "2005.??.??"]
[SourceDate "2005.04.17"]

1. e4 c5 2. Nc3 e6 3. f4 a6 4. Nf3 Nc6 5. Be2 d6 6. O-O g6 7. d3 Bg7 8. a3 Nge7
9. Qe1 Nd4 10. Nxd4 Bxd4+ 11. Kh1 O-O 12. Qg3 d5 13. Be3 Bxe3 14. Qxe3 d4 15.
Qd2 dxc3 16. bxc3 b6 17. d4 Bb7 18. Bf3 Qc7 19. e5 Bxf3 20. Rxf3 Rfd8 21. Qf2
Rac8 22. Rc1 Nf5 23. g4 Ng7 24. h4 h5 0-1

[Event "Championnat de France Open A"]
[Site "CALVI"]
[Date "????.??.??"]
[Round "7.8"]
[White "Legoupil, Benoit"]
[Black "Dellier, Thomas"]
[Result "1/2-1/2"]
[WhiteElo "1680"]
[BlackElo "1820"]
[PlyCount "63"]
[EventDate "2005.??.??"]
[SourceDate "2005.04.17"]

1. e4 c6 2. d4 d5 3. exd5 cxd5 4. Bd3 Nc6 5. c3 Nf6 6. Bf4 Bg4 7. Nf3 e6 8.
Nbd2 Bd6 9. Bg3 Qc7 10. Qc2 h6 11. Bxd6 Qxd6 12. h3 Bxf3 13. Nxf3 Qf4 14. Qb3
Qc7 15. O-O O-O 16. Rfe1 Nd7 17. Rad1 Kh8 18. Bb1 Qb6 19. Qc2 Nf6 20. Kh1 g6
21. Nh4 Ne7 22. Qe2 Qd6 23. Qf3 Kg7 24. Qe3 Nf5 25. Nxf5+ exf5 26. Qe5 Rad8 27.
Qxd6 Rxd6 28. Re7 Rd7 29. Rde1 Rxe7 30. Rxe7 Re8 31. Rxe8 Nxe8 32. Bd3 1/2-1/2

[Event "Championnat de France Open A"]
[Site "CALVI"]
[Date "????.??.??"]
[Round "7.9"]
[White "Gabriel, Florent"]
[Black "Sabo-Benke, Daniel"]
[Result "1-0"]
[WhiteElo "1810"]
[BlackElo "1620"]
[PlyCount "63"]
[EventDate "2005.??.??"]
[SourceDate "2005.04.17"]

1. d4 Nf6 2. c4 g6 3. Nc3 d5 4. cxd5 Nxd5 5. Bd2 Bg7 6. Nf3 Nc6 7. Nxd5 Qxd5 8.
Bc3 O-O 9. e3 Bg4 10. Be2 Rad8 11. O-O e5 12. h3 exd4 13. Nxd4 Bxe2 14. Nxe2
Qc4 15. Qe1 Ne5 16. b3 Qh4 17. Bd4 Rfe8 18. Qc3 Qe7 19. Rfe1 f6 20. Rac1 c6 21.
f4 Nd7 22. Ng3 f5 23. Qc4+ Kh8 24. a4 a6 25. Kh2 Bxd4 26. exd4 Qd6 27. Re2 Qxf4
28. Rce1 Rxe2 29. Rxe2 Nf6 30. Qf7 Ne4 31. Rxe4 Qd6 32. Re7 1-0

[Event "Championnat de France Open A"]
[Site "CALVI"]
[Date "????.??.??"]
[Round "7.10"]
[White "Billon, Olivier"]
[Black "Desnoes, Fabien"]
[Result "0-1"]
[WhiteElo "1580"]
[BlackElo "1972"]
[PlyCount "90"]
[EventDate "2005.??.??"]
[SourceDate "2005.04.17"]

1. e4 c6 2. d4 d5 3. exd5 cxd5 4. c4 Nf6 5. Nc3 g6 6. Nf3 Bg7 7. Bg5 O-O 8. a3
Nbd7 9. c5 Qc7 10. Bd3 b6 11. b4 a5 12. O-O Bb7 13. Re1 Rfe8 14. Qb3 e5 15.
Bxf6 Bxf6 16. Nxd5 Bxd5 17. Qxd5 exd4 18. Rxe8+ Rxe8 19. c6 Nb8 20. b5 Re6 21.
Bc4 Nxc6 22. bxc6 Rxc6 23. Bb5 Rd6 24. Qc4 Qd8 25. Re1 Be7 26. Ng5 Bxg5 27.
Re8+ Qxe8 28. Bxe8 Re6 29. Bxf7+ Kxf7 30. g3 Bf6 31. Qc7+ Kg8 32. Qc8+ Kf7 33.
Qd7+ Re7 34. Qd5+ Kg7 35. Kg2 Kh6 36. Qd6 Kg7 37. Qxb6 Rd7 38. Qxa5 d3 39. Qd2
h6 40. a4 Kh7 41. Kf3 Bc3 42. Qd1 d2 43. h4 h5 44. Kf4 Rf7+ 45. Kg5 Rf5# 0-1

[Event "Championnat de France Open A"]
[Site "CALVI"]
[Date "????.??.??"]
[Round "8.1"]
[White "Tripoz, Alexandre"]
[Black "Leroy, Olivier"]
[Result "1-0"]
[WhiteElo "1660"]
[BlackElo "1980"]
[PlyCount "167"]
[EventDate "2005.??.??"]
[SourceDate "2005.04.17"]

1. e4 c5 2. Nc3 e6 3. g3 Nc6 4. Bg2 g6 5. Nge2 Bg7 6. d3 Nge7 7. f4 Rb8 8. Nb5
d6 9. a4 a6 10. Nbc3 b6 11. Rb1 b5 12. axb5 axb5 13. Ng1 b4 14. Nce2 Bb7 15.
Nf3 Ra8 16. Bd2 Ra2 17. c3 Ba6 18. Nc1 Ra5 19. O-O Rb5 20. c4 Rb7 21. Nb3 Rc7
22. Re1 O-O 23. Qc2 Nb8 24. Ra1 d5 25. e5 Bb7 26. Ra5 dxc4 27. dxc4 Nd7 28. Be3
Nc6 29. Raa1 Qe7 30. Qf2 Ncb8 31. Ng5 Bxg2 32. Kxg2 Rfc8 33. Ne4 f6 34. exf6
Nxf6 35. Nexc5 Ng4 36. Qg1 Nxe3+ 37. Qxe3 Rxc5 38. Nxc5 Qxc5 39. Qxe6+ Kh8 40.
Ra7 Qc6+ 41. Qd5 Qf6 42. Rae7 Nc6 43. Re8+ Rxe8 44. Rxe8+ Bf8 45. Rxf8+ Qxf8
46. Qxc6 Qd8 47. Qd5 Qc8 48. c5 Qa6 49. Qd8+ Kg7 50. Qe7+ Kh6 51. Kh3 Qc8+ 52.
Kh4 b3 53. Qg5+ Kg7 54. Qe5+ Kh6 55. Qg5+ Kg7 56. f5 Qd7 57. f6+ Kf7 58. Qe5 h6
59. Qe7+ Qxe7 60. fxe7 Kxe7 61. Kg4 Ke6 62. Kf4 Kd5 63. c6 Kxc6 64. Ke4 Kc5 65.
Kd3 h5 66. Kc3 g5 67. Kxb3 Kd4 68. Kc2 Ke3 69. b4 Kf2 70. b5 Kg2 71. b6 Kxh2
72. b7 Kxg3 73. b8=Q+ Kh3 74. Kd3 h4 75. Ke2 g4 76. Kf2 g3+ 77. Kg1 Kg4 78. Kg2
h3+ 79. Kg1 Kf3 80. Qb3+ Kf4 81. Qd3 Kg4 82. Qe3 Kh4 83. Qf4+ Kh5 84. Qxg3 1-0

[Event "Championnat de France Open A"]
[Site "CALVI"]
[Date "????.??.??"]
[Round "8.2"]
[White "Bolla, Benjamin"]
[Black "Rochet, Hermes"]
[Result "0-1"]
[WhiteElo "1780"]
[BlackElo "1790"]
[PlyCount "106"]
[EventDate "2005.??.??"]
[SourceDate "2005.04.17"]

1. e4 c5 2. b3 Nc6 3. Bb2 d6 4. Bc4 e6 5. Bb5 Nf6 6. d3 Be7 7. Bxc6+ bxc6 8. e5
dxe5 9. Bxe5 Qd5 10. Nf3 O-O 11. c4 Qd7 12. O-O Rd8 13. Bg3 Ne4 14. Ne5 Qe8 15.
Qf3 Ng5 16. Qe3 h6 17. f4 Nh7 18. Nc3 Bb7 19. Na4 Qf8 20. f5 exf5 21. Rxf5 Nf6
22. Bh4 Rd4 23. Raf1 Rxh4 24. Rxf6 Bxf6 25. Rxf6 gxf6 26. Qg3+ Qg7 27. Qxh4
fxe5 28. Nxc5 Bc8 29. Qe7 Bh3 30. g3 Qg5 31. Qxg5+ hxg5 32. Ne4 Bf5 33. Nxg5
Bxd3 34. Nf3 e4 35. Ne5 Re8 36. Ng4 e3 37. Nf6+ Kf8 38. Nxe8 Kxe8 39. h4 f5 40.
c5 a5 41. a3 Kf7 42. b4 axb4 43. axb4 Kg6 44. Kg2 Kh5 45. Kf3 e2 46. Kf2 Kg4
47. b5 Bxb5 48. h5 Kxh5 49. g4+ Kxg4 50. Kg2 e1=Q 51. Kh2 Bc4 52. Kg2 Bd5+ 53.
Kh2 Qh1# 0-1

[Event "Championnat de France Open A"]
[Site "CALVI"]
[Date "????.??.??"]
[Round "8.3"]
[White "Nolot, Vivien"]
[Black "Gabriel, Florent"]
[Result "1/2-1/2"]
[WhiteElo "1880"]
[BlackElo "1810"]
[PlyCount "69"]
[EventDate "2005.??.??"]
[SourceDate "2005.04.17"]

1. e4 c6 2. d4 d5 3. e5 Bf5 4. h4 h6 5. g4 Bh7 6. e6 fxe6 7. Bd3 Bxd3 8. Qxd3
Qd6 9. f4 Nf6 10. Nf3 Ne4 11. Ne5 Nd7 12. Nd2 O-O-O 13. Nf7 Qxf4 14. Qf3 Qxf3
15. Nxf3 Rg8 16. Nxd8 Kxd8 17. Be3 g6 18. Bf4 Bg7 19. Ne5 Nxe5 20. Bxe5 Bxe5
21. dxe5 Nc5 22. O-O Ke8 23. Kg2 Ne4 24. Rad1 Rf8 25. Rxf8+ Kxf8 26. Kf3 Ke8
27. Ke3 Kd7 28. Rf1 Ke8 29. Kd3 b6 30. c4 c5 31. cxd5 exd5 32. e6 Nf6 33. g5
hxg5 34. hxg5 Ne4 35. b4 1/2-1/2

[Event "Championnat de France Open A"]
[Site "CALVI"]
[Date "????.??.??"]
[Round "8.4"]
[White "Bekhouche, Christophe"]
[Black "Nakache, Elie"]
[Result "1-0"]
[WhiteElo "1820"]
[BlackElo "1740"]
[PlyCount "77"]
[EventDate "2005.??.??"]
[SourceDate "2005.04.17"]

1. Nf3 d5 2. g3 Nf6 3. Bg2 e6 4. d3 c5 5. O-O Be7 6. c3 O-O 7. a4 Nc6 8. Nbd2
e5 9. e4 d4 10. cxd4 cxd4 11. Nc4 Nd7 12. Bd2 f6 13. b4 Nb6 14. Nxb6 Qxb6 15.
Qb3+ Kh8 16. b5 Na5 17. Bxa5 Qxa5 18. Nh4 Qb4 19. Rab1 Qxb3 20. Rxb3 Be6 21.
Rb2 Rfc8 22. Nf5 Ba3 23. Rbb1 g6 24. Nh4 Rc3 25. Rfd1 Bb3 26. Rd2 Bc2 27. Ra1
Bxd3 28. f4 Bc1 29. Rxd3 Rxd3 30. Rxc1 Rc3 31. Rd1 Ra3 32. Nf3 Re8 33. fxe5
fxe5 34. Rc1 Rxa4 35. Rc7 b6 36. Ng5 h5 37. Nh7 d3 38. Nf6 Ra1+ 39. Bf1 1-0

[Event "Championnat de France Open A"]
[Site "CALVI"]
[Date "????.??.??"]
[Round "8.5"]
[White "Feryn, Alexandre"]
[Black "Draillard, Jean-Emmanuel"]
[Result "0-1"]
[WhiteElo "1660"]
[BlackElo "1760"]
[PlyCount "94"]
[EventDate "2005.??.??"]
[SourceDate "2005.04.17"]

1. e4 e6 2. d4 d5 3. Nc3 Nf6 4. e5 Nfd7 5. f4 c5 6. Nf3 Nc6 7. Be3 cxd4 8. Bxd4
Nxd4 9. Nxd4 Bc5 10. Na4 Be7 11. Qg4 g6 12. Nc3 Qb6 13. Nb3 Qe3+ 14. Be2 Bb4
15. Qf3 Qxf3 16. Bxf3 Nb6 17. O-O Bxc3 18. bxc3 Bd7 19. Be2 Rc8 20. Rf3 O-O 21.
Nd4 Nc4 22. Bxc4 Rxc4 23. Rb1 b6 24. Rb4 Rfc8 25. Rxc4 Rxc4 26. Kf2 Ra4 27. Ke2
Rxa2 28. Rf1 Ra3 29. Kd2 Ra4 30. Rb1 Kg7 31. Kd3 f6 32. exf6+ Kxf6 33. g4 g5
34. Rf1 gxf4 35. Rxf4+ Ke7 36. Ke3 Rc4 37. Ne2 Rxf4 38. Nxf4 a5 39. Nd3 Kd6 40.
Kd4 a4 41. g5 a3 42. Nb4 e5+ 43. Kd3 Bb5+ 44. c4 Bxc4+ 45. Kc3 Kc5 46. Nd3+
Bxd3 47. cxd3 e4 0-1

[Event "Championnat de France Open A"]
[Site "CALVI"]
[Date "????.??.??"]
[Round "8.6"]
[White "Desnoes, Fabien"]
[Black "Auvray, Simon"]
[Result "1/2-1/2"]
[WhiteElo "1972"]
[BlackElo "1730"]
[PlyCount "86"]
[EventDate "2005.??.??"]
[SourceDate "2005.04.17"]

1. e4 c5 2. Nf3 Nc6 3. d4 cxd4 4. Nxd4 Nf6 5. Nc3 e6 6. f3 Bb4 7. Be3 O-O 8.
Qd2 d5 9. Nxc6 bxc6 10. e5 Nd7 11. a3 Qa5 12. f4 c5 13. Rb1 Bxc3 14. Qxc3 Qxc3+
15. bxc3 c4 16. Be2 f6 17. exf6 Nxf6 18. O-O Ne4 19. Bf3 Nxc3 20. Rb4 Ba6 21.
Re1 Nb5 22. Ra4 Nc7 23. Bd4 Bb5 24. Rxa7 Rxa7 $11 25. Bxa7 Rxf4 26. Bb8 Rf7 27.
Bxc7 Rxc7 28. Rxe6 d4 29. Rd6 d3 30. Be4 dxc2 31. Bxc2 Ra7 32. Rd5 Ba4 33. Bxa4
Rxa4 34. Rd4 Kf7 35. Kf2 Ke6 36. Ke2 g5 37. h4 h6 38. hxg5 hxg5 39. Rg4 Kf5 40.
Rg3 Ke4 41. Kd2 Kd4 42. Rg4+ Ke5 43. Rxg5+ Kf4 1/2-1/2

[Event "Championnat de France Open A"]
[Site "CALVI"]
[Date "????.??.??"]
[Round "8.7"]
[White "Vidal, Hugo"]
[Black "Pradere, Anthony"]
[Result "0-1"]
[WhiteElo "1650"]
[BlackElo "1860"]
[PlyCount "76"]
[EventDate "2005.??.??"]
[SourceDate "2005.04.17"]

1. e4 d5 2. e5 c5 3. c3 Nc6 4. d4 cxd4 5. cxd4 Bf5 6. a3 e6 7. Be3 h6 8. Nf3
Nge7 9. Be2 Bxb1 10. Rxb1 Nf5 11. O-O Be7 12. Bd3 Nxe3 13. fxe3 O-O 14. Rc1 Qb6
15. Rf2 a5 16. Rfc2 Rfc8 17. Qe2 Rc7 18. Nd2 Rac8 19. Nf3 Bf8 20. Rb1 Na7 21.
Rbc1 Rc6 22. Rxc6 Rxc6 23. Rxc6 bxc6 24. Qc2 $11 c5 25. a4 Nc6 26. Qc3 Nb4 27.
Be2 Na2 28. Qc2 Qb4 29. Bd1 c4 30. Qd2 c3 31. bxc3 Nxc3 32. Bc2 Qc4 33. Bd3 Qc6
34. Ne1 Bb4 35. Nc2 Qxa4 36. Nxb4 Qxb4 37. Bc2 a4 38. Bxa4 Qb1+ 0-1

[Event "Championnat de France Open A"]
[Site "CALVI"]
[Date "????.??.??"]
[Round "8.8"]
[White "Dellier, Thomas"]
[Black "Paoli, Guillaume"]
[Result "1-0"]
[WhiteElo "1820"]
[BlackElo "1530"]
[PlyCount "105"]
[EventDate "2005.??.??"]
[SourceDate "2005.04.17"]

1. e4 e5 2. Bc4 Nf6 3. d3 Nc6 4. f4 Bd6 5. f5 Na5 6. Bb3 c5 7. Bg5 Nxb3 8. axb3
h6 9. Bh4 Be7 10. Nf3 Nh5 11. Bxe7 Qxe7 12. Nc3 c4 13. Nd5 Qc5 14. bxc4 Nf4 15.
Nxf4 exf4 16. Qd2 O-O 17. b4 Qc7 18. O-O g5 19. fxg6 fxg6 20. Nh4 Qb6+ 21. Kh1
Qf6 22. g3 g5 23. Ng2 f3 24. Ne3 f2 25. Nf5 d6 26. Qxf2 Bxf5 27. Qxf5 Qxf5 28.
Rxf5 Rxf5 29. exf5 Re8 30. Kg1 a6 31. Kf2 g4 32. d4 Rf8 33. Ra5 Rc8 34. c5 dxc5
35. Rxc5 Rf8 36. Ke3 Re8+ 37. Kf4 Re2 38. Kxg4 Rxh2 39. Rc8+ Kh7 40. Rc7+ Kg8
41. f6 Rg2 42. Rg7+ Kh8 43. Kh5 a5 44. Kxh6 Rh2+ 45. Kg6 Rh3 46. Kf7 Rh2 47.
Rg4 a4 48. Rg8+ Kh7 49. Ra8 b5 50. c4 bxc4 51. Rxa4 c3 52. b5 c2 53. Rc4 1-0